000 00510nam a2200169 i 4500
001 bgj
245 0 0 _aRevise ForMatura :
_brepetytorium /
_c[Marcin Smolik].
260 _aWarszawa :
_bMacmillan Polska,
_cc. 2004.
300 _acompact disc.
650 9 _aEnglish language
_xSecondary schools
_xMatura
_xQuestions, exercises, etc.
655 _aTextbooks for foreigners
700 1 _aSMOLIK, Marcin.
_eco-author
040 _cBPK
041 0 _aeng
942 _cCD
008 s uk f |000 0 eng
999 _c41236
_d41236
856 _uhttp://koha.tu.koszalin.pl/cgi-bin/koha/opac-detail.pl?biblionumber=41236
_yKatalog online BPK